| 000 | 00642nam a2200241Ia 4500 | ||
|---|---|---|---|
| 005 | 20260429111908.0 | ||
| 008 | 260429s9999||||xx |||||||||||||| ||und|| | ||
| 020 | _a9788196458812 | ||
| 041 | _aEnglish | ||
| 082 |
_a634.2 _bKUM |
||
| 100 | _aKumar, Amirt | ||
| 245 | 0 |
_aTextbook on advances production technology of temperate fruits / _cAmirt Kumar |
|
| 260 |
_aNew Delhi : _bPMW, _c2024. |
||
| 300 | _axii, 327 p.; hb | ||
| 650 | _a Stone fruits | ||
| 650 | _a Temperate fruits | ||
| 650 | _aFruit | ||
| 700 | _a Ahamad, Sajeel | ||
| 700 | _a Dev, Rahul | ||
| 700 | _a Kumar, Ajay | ||
| 700 | _a Kumar, Maneesh | ||
| 942 | _cTB | ||
| 999 |
_c51314 _d51314 |
||